| 000 | 00601nam a22002297a 4500 | ||
|---|---|---|---|
| 005 | 20220729112137.0 | ||
| 008 | 220729b ||||| |||| 00| 0 eng d | ||
| 040 | _cAL | ||
| 041 | _aEnglish | ||
| 082 |
_223 _a248 _bBRUQ |
||
| 100 |
_aPaul Brunton _953977 |
||
| 245 | _aQuest of the Overself | ||
| 260 |
_aLondon _bRider and Company _c1955 |
||
| 300 |
_a235 p. _bHB _c22x1 cm. |
||
| 650 |
_aYoga _953978 |
||
| 650 |
_aMeditation _953979 |
||
| 650 |
_aMind and body _953980 |
||
| 650 |
_aMetaphysics _953981 |
||
| 650 |
_aYoga, Laya _953982 |
||
| 700 |
_aBRUNTON (Paul) _953983 |
||
| 942 |
_2ddc _cGF |
||
| 999 |
_c224287 _d224287 |
||